| 000 | 01577nam a2200349 i 4500 | ||
|---|---|---|---|
| 001 | 187200 | ||
| 003 | SpMaBN | ||
| 005 | 20250630063523.0 | ||
| 008 | 170505m19901993ck acf |||| | spa d | ||
| 080 | _a986.1"1832/86" | ||
| 080 | _a986.1"1886/1903" | ||
| 100 | 1 |
_aCaro, Miguel Antonio, _d1843-1909 _935400 _eaut |
|
| 245 | 1 | 0 |
_aEscritos políticos / _cMiguel Antonio Caro ; estudio preliminar, compilación y notas por Carlos Valderrama Andrade. |
| 260 |
_aBogotá : _bInstituto Caro y Cuervo, _c1990. |
||
| 300 |
_a4 volúmenes (LVIII, 369 páginas; LVII, 531 páginas; LXVII, 435 páginas; LXVII, 402 páginas) : _bilustraciones, láminas ; _c22 cm. |
||
| 490 | 1 |
_aObras completas de Miguel Antonio Caro ; _v9-10-11-12 |
|
| 490 | 1 |
_aBiblioteca colombiana ; _v33-34-35-36 |
|
| 500 | _aÍndices | ||
| 505 | 8 | _aPrimera serie, 1990; Segunda serie, 1990; Tercera serie, 1991; Cuarta serie, 1993 | |
| 594 | _aEn port. del v. 4: "Sesquicentenario del nacimiento del Señor Caro" | ||
| 599 | _aRetrato del autor en los 4 v. | ||
| 651 | 7 |
_aColombia- _xHistoria- _y1832-1886. _9162545 |
|
| 651 | 4 |
_aColombia- _xHistoria- _y1886-1903. _9162546 |
|
| 700 | 1 |
_aValderrama Andrade, Carlos. _9160111 _epbl |
|
| 710 | 2 |
_aInstituto Caro y Cuervo. _94806 _eedt |
|
| 830 | 0 |
_aObras completas de Miguel Antonio Caro ; _v9-10-11-12 _9192742 |
|
| 830 | 0 |
_aBiblioteca colombiana ; _v33-34-35-36 _9192743 |
|
| 852 |
_aES-MaACL _cDEPO2 _hDonat. herederos José Prat _jL-31540-43 |
||
| 942 |
_2udc _cMONOGRAFIA _n0 |
||
| 999 |
_c187200 _d187200 |
||